[Event "VI Weekend B"]
[Site "Cremona ITA"]
[Date "2000.03.??"]
[Round "2"]
[White "Bolzoni, Luciano"]
[Black "Distratis, Gianluca"]
[Result "0-1"]
[WhiteElo "1545"]
[BlackElo "1618"]
[PlyCount "84"]
[EventDate "2000.03.31"]

1. e4 c5 2. Bc4 e6 3. Nc3 Nc6 4. f4 Nge7 5. Nf3 d5 6. exd5 Nxd5 7. Nxd5 exd5 8.
Bb5 Bd7 9. O-O Be7 10. Re1 O-O 11. Bxc6 Bxc6 12. Ne5 Rc8 13. Qg4 Re8 14. d3 Bf6
15. Bd2 Qb6 16. b3 Qc7 17. Re2 Bxe5 18. fxe5 Re6 19. Rf1 Rce8 20. Bf4 Rg6 21.
Qh4 Qe7 22. Qf2 d4 23. Bg3 Rf6 24. Qe1 Re6 25. Qd2 h5 26. Rf5 h4 27. Bf4 Rg6
28. Rf2 Qe6 29. Bg5 f6 30. Bxh4 Bxg2 31. Bg3 Bh3 32. Rh5 fxe5 33. Rg5 e4 34.
Rxg6 Qxg6 35. dxe4 Qxe4 36. Rf4 Qe3+ 37. Qxe3 dxe3 38. Rh4 Bf5 39. Rc4 Rd8 40.
Kf1 Rd2 41. Bf4 Bxc2 42. Bxe3 Bd3+ 0-1